[Event "XXXVI C.to Italiano femminile"]
[Site "Bratto - Castione della Presolana ITA"]
[Date "2009.08.26"]
[Round "6"]
[White "Tonel, Giulia"]
[Black "Panella, Fiammetta"]
[Result "1/2-1/2"]
[WhiteElo "2004"]
[BlackElo "1996"]
[PlyCount "93"]
[EventDate "2009.08.21"]

1. e4 c5 2. Nf3 e6 3. c3 Nf6 4. e5 Nd5 5. d4 cxd4 6. cxd4 d6 7. Nc3 Nxc3 8.
bxc3 Qc7 9. Bd2 Nd7 10. Bd3 dxe5 11. O-O Bd6 12. Ng5 Nf6 13. f4 exf4 14. Nh3 f3
15. Qxf3 Bxh2+ 16. Kh1 Bd6 17. Rab1 O-O 18. Qe2 Be7 19. Bg5 Qd8 20. Rb5 a6 21.
Re5 Bd7 22. d5 h6 23. d6 hxg5 24. dxe7 Qxe7 25. Rxg5 Rac8 26. Qe5 Ne8 27. Rh5
f5 28. Bxf5 Nf6 29. Rg5 Nd5 30. Rh5 Rxf5 31. Rhxf5 exf5 32. Qxd5+ Be6 33. Qf3
Rc4 34. Re1 Qf6 35. Qxb7 Rxc3 36. Qa8+ Kh7 37. Kh2 f4 38. Qe4+ Bf5 39. Qxf4
Bxh3 40. Qxf6 gxf6 41. gxh3 Rc2+ 42. Kg3 Rxa2 43. Re6 Kg6 44. h4 Kf5 45. Rc6
Ra3+ 46. Kg2 Ra2+ 47. Kg3 1/2-1/2

[Event "XXXVI C.to Italiano femminile"]
[Site "Bratto - Castione della Presolana ITA"]
[Date "2009.08.27"]
[Round "7"]
[White "Arnetta, Maria Teresa"]
[Black "De Rosa, Mariagrazia"]
[Result "1-0"]
[WhiteElo "2031"]
[BlackElo "2124"]
[PlyCount "99"]
[EventDate "2009.08.21"]

1. d4 Nf6 2. Bg5 e6 3. Nd2 h6 4. Bh4 d5 5. e3 Be7 6. Bd3 c5 7. c3 Nbd7 8. f4
Qc7 9. Ngf3 cxd4 10. cxd4 Qd8 11. Ne5 Nxe5 12. fxe5 Nd7 13. Bxe7 Qxe7 14. O-O
O-O 15. Nf3 Nb6 16. Rc1 Bd7 17. Qe2 Bc6 18. Bb1 a6 19. Qc2 g6 20. Qf2 Bb5 21.
Rfe1 Nc4 22. h4 Rac8 23. h5 g5 24. Qc2 f5 25. exf6 Rxf6 26. Ne5 Nd6 27. Qd2
Rxc1 28. Qxc1 Rf8 29. Ng6 Qf6 30. Nxf8 Qxf8 31. Qc7 Nf5 32. Qxb7 Qd6 33. Rc1
Bc4 34. Bxf5 exf5 35. b3 Qg3 36. Qc8+ Kg7 37. Qd7+ Kf6 38. Qc6+ Ke7 39. Qc5+
Kf7 40. Qa3 Qxe3+ 41. Kh1 g4 42. Qb2 Bd3 43. Qc3 g3 44. Qc7+ Qe7 45. Qxg3 Qg5
46. Rc7+ Kg8 47. Rc8+ Kh7 48. Qc7+ Qg7 49. Qd6 Be4 50. Rc7 1-0

[Event "XXXVI C.to Italiano femminile"]
[Site "Bratto - Castione della Presolana ITA"]
[Date "2009.08.27"]
[Round "7"]
[White "Brunello, Marina"]
[Black "Tonel, Giulia"]
[Result "1-0"]
[WhiteElo "2159"]
[BlackElo "2004"]
[PlyCount "75"]
[EventDate "2009.08.21"]

1. e4 c5 2. c3 Nf6 3. e5 Nd5 4. d4 cxd4 5. Nf3 Nc6 6. cxd4 d6 7. Bc4 e6 8. O-O
Be7 9. exd6 Qxd6 10. Nc3 Nxc3 11. bxc3 O-O 12. Re1 b6 13. Ng5 Bb7 14. Qh5 Bxg5
15. Bxg5 Na5 16. Bd3 f5 17. Re3 g6 18. Qh4 Rf7 19. Rae1 Bd5 20. Bf6 Rc8 21. Rg3
Rxf6 22. Qxf6 Qf8 23. Qe5 Nc4 24. Qf4 Qd6 25. Qh6 Qf8 26. Qg5 Qd8 27. Qc1 Qd6
28. Bxc4 Rxc4 29. h4 Qe7 30. h5 Qf6 31. Qh6 Qg7 32. Qg5 Kf7 33. Qd8 Qf6 34.
hxg6+ hxg6 35. Qb8 Ra4 36. Rh3 Qg7 37. Rh8 g5 38. Qe8+ 1-0

[Event "XXXVI C.to Italiano femminile"]
[Site "Bratto - Castione della Presolana ITA"]
[Date "2009.08.27"]
[Round "7"]
[White "Chierici, Marianna"]
[Black "Messina, Roberta"]
[Result "1/2-1/2"]
[WhiteElo "2021"]
[BlackElo "1900"]
[PlyCount "89"]
[EventDate "2009.08.21"]

1. g3 e6 2. Bg2 Nf6 3. Nf3 d5 4. d3 Nc6 5. O-O Bd6 6. Nbd2 O-O 7. Re1 Bd7 8. e4
dxe4 9. dxe4 e5 10. Nc4 Be6 11. Nxd6 Qxd6 12. Qxd6 cxd6 13. b3 Nb4 14. Re2 Rac8
15. c4 Rfd8 16. Ba3 a5 17. Ne1 Nc6 18. Nc2 a4 19. Rd2 Ne8 20. Rad1 axb3 21.
axb3 Na5 22. Rb1 b6 23. Ne3 Rc6 24. f4 f6 25. Bf1 Ra8 26. Bb4 Nb7 27. Kf2 Nc5
28. Kf3 Na6 29. Ra1 Rcc8 30. Rda2 Nac7 31. Nd1 Rxa2 32. Rxa2 Ra8 33. Rd2 Rd8
34. Nc3 Na6 35. Ba3 Nc5 36. b4 Nb7 37. f5 Bf7 38. Bc1 Rc8 39. Nd5 Bxd5 40. exd5
Ra8 41. Bd3 Nc7 42. Ke4 Ra4 43. Rb2 Na6 44. Bd2 b5 45. Bc2 1/2-1/2

[Event "XXXVI C.to Italiano femminile"]
[Site "Bratto - Castione della Presolana ITA"]
[Date "2009.08.27"]
[Round "7"]
[White "Matta, Francesca"]
[Black "Chiarion, Elisa"]
[Result "0-1"]
[WhiteElo "1906"]
[BlackElo "1904"]
[PlyCount "164"]
[EventDate "2009.08.21"]

1. e4 c5 2. Nf3 a6 3. c3 e6 4. d4 d5 5. exd5 exd5 6. Bd3 c4 7. Bc2 h6 8. O-O
Nf6 9. Bf4 Be7 10. Nbd2 O-O 11. Ne5 Nc6 12. Ndf3 Bd6 13. Re1 Ne7 14. b3 b5 15.
Qd2 Bf5 16. Nc6 Nxc6 17. Bxf5 Bxf4 18. Qxf4 Qa5 19. b4 Qa3 20. Qc1 Qxc1 21.
Raxc1 a5 22. a3 axb4 23. axb4 Ra3 24. Ne5 Ne7 25. Bh3 Ne4 26. Re3 Rfa8 27. f3
Ng5 28. Bd7 Rb3 29. Bxb5 Nf5 30. Re2 Raa3 31. Bc6 Ne7 32. Re3 f6 33. Nxc4 Nxc6
34. Nxa3 Rxa3 35. Re8+ Kf7 36. Rc8 Ne7 37. Rc5 Ne6 38. Ra5 Rb3 39. Kf2 Nf4 40.
Rc2 Nd3+ 41. Ke2 Nb2 42. Kf2 Nd1+ 43. Ke1 Nxc3 44. Rc5 Na4 45. Rb5 Nb2 46. Rb7
Nd3+ 47. Ke2 Nf4+ 48. Kd1 Rb1+ 49. Rc1 Rxc1+ 50. Kxc1 Ne2+ 51. Kd2 Nxd4 52. Kd3
Ne6 53. g3 Ke8 54. Ra7 Nc6 55. Ra8+ Kd7 56. b5 Ne5+ 57. Ke3 Nc4+ 58. Kd3 Nb6
59. Ra1 Kd6 60. Rc1 Nc5+ 61. Kc3 d4+ 62. Kc2 Kd5 63. Kd1 d3 64. Ra1 Nba4 65.
Rc1 Nb2+ 66. Ke1 d2+ 67. Kxd2 Nb3+ 68. Kc2 Nxc1 69. Kxb2 Nd3+ 70. Kc3 Ne1 71.
f4 Nf3 72. h3 Ng1 73. Kb4 Kd6 74. Kc4 Ne2 75. b6 Kc6 76. b7 Kxb7 77. Kd5 Nxg3
78. Ke6 Kc6 79. h4 g5 80. fxg5 fxg5 81. hxg5 hxg5 82. Ke5 Kc5 0-1

[Event "XXXVI C.to Italiano femminile"]
[Site "Bratto - Castione della Presolana ITA"]
[Date "2009.08.27"]
[Round "7"]
[White "Palmitessa, Chiara"]
[Black "Pili, Erika"]
[Result "1/2-1/2"]
[WhiteElo "1807"]
[BlackElo "1824"]
[PlyCount "73"]
[EventDate "2009.08.21"]

1. e4 e6 2. d4 d5 3. Nd2 c5 4. exd5 Qxd5 5. dxc5 Bxc5 6. Ngf3 Nf6 7. Bc4 Qc6 8.
Qe2 a6 9. O-O b5 10. Bd3 Bb7 11. h3 Nbd7 12. Re1 Rc8 13. Nb3 Bb6 14. Be3 O-O
15. Bxb6 Qxb6 16. Rad1 h6 17. c3 Bd5 18. Bb1 a5 19. Nbd4 b4 20. cxb4 Qxb4 21.
Rc1 Rb8 22. b3 a4 23. bxa4 Qxa4 24. Qc2 Qa3 25. Re3 Qb2 26. Qxb2 Rxb2 27. a3
Rfb8 28. Bd3 Ra2 29. Bb1 Ra1 30. Ree1 Rxa3 31. Nc6 Re8 32. Nfe5 Nxe5 33. Nxe5
Kf8 34. Rc7 Re7 35. Rc8+ Re8 36. Rc7 Re7 37. Rc8+ 1/2-1/2

[Event "XXXVI C.to Italiano femminile"]
[Site "Bratto - Castione della Presolana ITA"]
[Date "2009.08.27"]
[Round "7"]
[White "Polin, Giulia"]
[Black "Casolino, Rosamaria"]
[Result "1-0"]
[WhiteElo "1711"]
[BlackElo "1826"]
[PlyCount "63"]
[EventDate "2009.08.21"]

1. e4 c5 2. Nf3 d6 3. d4 cxd4 4. Nxd4 Nf6 5. Nc3 a6 6. Be2 e5 7. Nb3 Be7 8. O-O
Be6 9. f4 exf4 10. Bxf4 Nbd7 11. Qe1 Nf8 12. Qg3 Ng6 13. Be3 O-O 14. Nd4 Nd7
15. Nf5 Nde5 16. Nd5 Bxd5 17. exd5 Bf6 18. c4 b6 19. Rae1 Rc8 20. b3 Kh8 21.
Qf2 Ne7 22. Bxb6 Qd7 23. Nxe7 Qxe7 24. c5 Ra8 25. cxd6 Qd7 26. Bc7 Rfc8 27. Qf5
Qe8 28. Bg4 Qb5 29. Rxe5 Bxe5 30. Qxe5 Re8 31. Qf5 Qc5+ 32. Qf2 1-0

[Event "XXXVI C.to Italiano femminile"]
[Site "Bratto - Castione della Presolana ITA"]
[Date "2009.08.27"]
[Round "7"]
[White "Reginato, Sabrina"]
[Black "Panella, Fiammetta"]
[Result "1-0"]
[WhiteElo "1880"]
[BlackElo "1996"]
[PlyCount "121"]
[EventDate "2009.08.21"]

1. e4 c5 2. Nf3 e6 3. d4 cxd4 4. Nxd4 a6 5. Nc3 Qc7 6. g3 Nf6 7. Bg2 Nc6 8. O-O
Be7 9. Be3 O-O 10. f4 d6 11. Kh1 Bd7 12. Nb3 Rac8 13. g4 h6 14. g5 hxg5 15.
fxg5 Nh7 16. Qh5 Ne5 17. Nd4 g6 18. Qh4 Qd8 19. Nf3 Nxf3 20. Rxf3 Bxg5 21. Qf2
Bxe3 22. Qxe3 Qg5 23. Qd3 Bc6 24. Rg1 Qe7 25. Qe3 Kg7 26. Bf1 Nf6 27. Qg5 Rh8
28. Bxa6 Rh5 29. Qf4 bxa6 30. Rgf1 Nd7 31. Qxf7+ Qxf7 32. Rxf7+ Kg8 33. Re7 Rf8
34. Rd1 Rf7 35. Rxe6 Nf6 36. Rdxd6 Nxe4 37. Nxe4 Bxe4+ 38. Rxe4 Rf2 39. h4 Rxc2
40. Rxg6+ Kf7 41. Rg2 Rc6 42. Rf2+ Kg7 43. Rg4+ Rg6 44. Rfg2 Rxg4 45. Rxg4+ Kf6
46. Kg2 Rc5 47. Kh3 Rd5 48. Rc4 Kf5 49. Rb4 a5 50. Rb8 Rd3+ 51. Kg2 Kg4 52. h5
Kxh5 53. Rb3 Rd5 54. Kf3 Kg6 55. Ke4 Rd2 56. Rb6+ Kf7 57. a4 Ke7 58. b3 Rh2 59.
Rb5 Rh3 60. Kd5 Kd7 61. Kc4 1-0

[Event "XXXVI C.to Italiano femminile"]
[Site "Bratto - Castione della Presolana ITA"]
[Date "2009.08.27"]
[Round "7"]
[White "Zanaboni, Alessandra"]
[Black "Brunello, Roberta"]
[Result "0-1"]
[WhiteElo "1587"]
[BlackElo "1956"]
[PlyCount "52"]
[EventDate "2009.08.21"]

1. e4 e5 2. Nf3 Nc6 3. Bb5 d6 4. O-O Nf6 5. Re1 Be7 6. h3 Bd7 7. c3 O-O 8. d4
exd4 9. cxd4 d5 10. e5 Ne4 11. Bd3 Ng5 12. Be3 Nxf3+ 13. Qxf3 Nb4 14. Qe2 Qc8
15. Rc1 Nxd3 16. Qxd3 Bf5 17. Qb3 c6 18. Nc3 Qd7 19. Na4 Rae8 20. Bd2 b6 21.
Qg3 c5 22. Bh6 Bg6 23. Bxg7 Kxg7 24. Nc3 cxd4 25. Ne2 Rg8 26. Nxd4 Kh8 0-1

[Event "XXXVI C.to Italiano femminile"]
[Site "Bratto - Castione della Presolana ITA"]
[Date "2009.08.28"]
[Round "8"]
[White "Brunello, Marina"]
[Black "Chierici, Marianna"]
[Result "1-0"]
[WhiteElo "2159"]
[BlackElo "2021"]
[PlyCount "149"]
[EventDate "2009.08.21"]

1. e4 Nf6 2. e5 Nd5 3. d4 d6 4. c4 Nb6 5. exd6 exd6 6. Nf3 Be7 7. h3 Nc6 8. Bd3
Bf6 9. Be3 O-O 10. O-O Nb4 11. Be2 Bf5 12. Na3 Re8 13. Qd2 Na6 14. Rad1 c6 15.
Rfe1 Nc7 16. Nh2 Nd7 17. Bf3 d5 18. c5 Ne6 19. Ng4 Be7 20. Bf4 b6 21. cxb6 Qxb6
22. Re2 Bb4 23. Qe3 Bxg4 24. Bxg4 Nxf4 25. Qxf4 Rxe2 26. Bxe2 Re8 27. Bd3 Bxa3
28. bxa3 Qb8 29. Bxh7+ Kf8 30. Qxb8 Rxb8 31. Bf5 Nf6 32. Rc1 Rb6 33. Kf1 Ke7
34. Rc2 Kd6 35. Bd3 Nh5 36. g3 Nf6 37. Ke2 Nd7 38. Bf5 Nb8 39. h4 Na6 40. Bd3
Nc7 41. Ke3 Ne6 42. Rd2 Rb8 43. Bf5 Nc7 44. Kd3 Rb6 45. Bc8 Rb8 46. Bg4 Rb6 47.
Bd1 Ra6 48. a4 Na8 49. Rb2 Nb6 50. Rb4 Kc7 51. h5 Nc4 52. Bb3 Nd6 53. g4 Rb6
54. Rxb6 axb6 55. g5 Nf5 56. Bd1 Kd6 57. Bg4 Ne7 58. h6 gxh6 59. gxh6 Ng6 60.
h7 Ke7 61. Bf5 Nh8 62. Kc3 Kd6 63. Kb4 f6 64. f3 Nf7 65. Bg6 Nh8 66. Be8 c5+
67. dxc5+ bxc5+ 68. Kb5 c4 69. Kb4 Kc7 70. Kc3 Kb6 71. Kd4 Ka5 72. a3 Kb6 73.
Bb5 Ka5 74. Bd7 Ng6 75. Bf5 1-0

[Event "XXXVI C.to Italiano femminile"]
[Site "Bratto - Castione della Presolana ITA"]
[Date "2009.08.28"]
[Round "8"]
[White "Chiarion, Elisa"]
[Black "Tonel, Giulia"]
[Result "0-1"]
[WhiteElo "1904"]
[BlackElo "2004"]
[PlyCount "88"]
[EventDate "2009.08.21"]

1. f4 Nf6 2. Nf3 b6 3. d3 d5 4. e3 Bb7 5. b3 e6 6. Bb2 Nbd7 7. Be2 Bb4+ 8. c3
Bd6 9. d4 Ne4 10. O-O Qe7 11. a3 h6 12. c4 O-O 13. Bd3 c5 14. Ne5 Bxe5 15. dxe5
f5 16. Nc3 Nxc3 17. Bxc3 Rad8 18. Qe2 Nb8 19. Rad1 Nc6 20. Bb2 Qh4 21. Rf3 Qh5
22. Qe1 Na5 23. Rh3 Qg6 24. Rg3 Qf7 25. Qc3 dxc4 26. bxc4 Be4 27. Be2 Rxd1+ 28.
Bxd1 Rd8 29. Ba4 Qe7 30. h3 Bd3 31. Bb3 Nxb3 32. Qxb3 Be4 33. Kh2 Rd3 34. Qb5
Qd7 35. Qa6 Rd2 36. Bc3 Rc2 37. Be1 Kf7 38. h4 Rc1 39. Bf2 Rc2 40. Be1 Bc6 41.
h5 Qb7 42. Qxb7+ Bxb7 43. e4 Bxe4 44. Bc3 Rf2 0-1

[Event "XXXVI C.to Italiano femminile"]
[Site "Bratto - Castione della Presolana ITA"]
[Date "2009.08.28"]
[Round "8"]
[White "De Rosa, Mariagrazia"]
[Black "Polin, Giulia"]
[Result "1-0"]
[WhiteElo "2124"]
[BlackElo "1711"]
[PlyCount "137"]
[EventDate "2009.08.21"]

1. e4 c5 2. Nf3 d6 3. d4 cxd4 4. Nxd4 Nf6 5. Nc3 a6 6. f4 e6 7. Be2 Be7 8. O-O
O-O 9. Be3 Qc7 10. a4 Nc6 11. Kh1 Bd7 12. Nb3 b6 13. Bf3 Rab8 14. g4 Bc8 15. g5
Nd7 16. Bg2 Re8 17. Qh5 Bf8 18. Rf3 g6 19. Qh4 Bg7 20. Rd1 Nf8 21. Rdf1 Re7 22.
f5 exf5 23. Nd5 Rxe4 24. Rf4 Rxf4 25. Bxf4 Qd8 26. Nf6+ Bxf6 27. gxf6 Ne5 28.
Rd1 Qe8 29. Bxe5 dxe5 30. Qh6 Ne6 31. Rd6 Qf8 32. Qd2 Nd4 33. Rd5 Be6 34. Rxe5
Nxb3 35. cxb3 Bxb3 36. Bf3 Be6 37. Qe3 Qd8 38. Qg5 Qd3 39. Kg2 Qd8 40. Re1 Bd5
41. Qf4 Bxf3+ 42. Kxf3 Rc8 43. Qe5 Qd3+ 44. Kf2 Qd8 45. Re2 Kf8 46. Qe7+ Qxe7
47. Rxe7 Rc6 48. Ra7 Rxf6 49. Rxa6 Re6 50. b4 Ke7 51. Kf3 g5 52. b5 h5 53. Ra7+
Kf6 54. a5 g4+ 55. Kf2 Re5 56. Ra6 Kg5 57. Rxb6 f4 58. a6 f3 59. a7 Re2+ 60.
Kf1 Rxh2 61. a8=Q Rh1+ 62. Kf2 Rh2+ 63. Ke3 Re2+ 64. Kd4 Kh4 65. Rh6 f6 66. Qf8
Kg3 67. Rxh5 Kg2 68. Qxf6 g3 69. Rf5 1-0

[Event "XXXVI C.to Italiano femminile"]
[Site "Bratto - Castione della Presolana ITA"]
[Date "2009.08.28"]
[Round "8"]
[White "Messina, Roberta"]
[Black "Brunello, Roberta"]
[Result "0-1"]
[WhiteElo "1900"]
[BlackElo "1956"]
[PlyCount "78"]
[EventDate "2009.08.21"]

1. e4 e5 2. d4 exd4 3. Qxd4 Nc6 4. Qe3 Be7 5. Nc3 Nf6 6. Bc4 Na5 7. Be2 d5 8.
exd5 Nxd5 9. Qe5 Nb4 10. Qe4 Nac6 11. Bb5 O-O 12. Bxc6 Nxc6 13. Nge2 Re8 14.
O-O Bd6 15. Qa4 Bd7 16. Qb3 Qh4 17. Ng3 Nd4 18. Qd5 Re5 19. Qxb7 Bc6 20. Qa6
Rh5 21. h3 Bxg3 22. Be3 Nf3+ 23. Kh1 Ne5 24. f3 Bf4 25. Bxf4 Qxf4 26. Ne2 Qb4
27. Ng3 Rh6 28. Nf5 Re6 29. Rfd1 g6 30. Nd4 Bb7 31. Qe2 Ree8 32. c3 Qb6 33. Qd2
Rad8 34. Qh6 c5 35. Nb3 Rxd1+ 36. Rxd1 Nxf3 37. Rf1 Ne1 38. Rf2 Nxg2 39. Rxg2
Re2 0-1

[Event "XXXVI C.to Italiano femminile"]
[Site "Bratto - Castione della Presolana ITA"]
[Date "2009.08.28"]
[Round "8"]
[White "Palmitessa, Chiara"]
[Black "Zanaboni, Alessandra"]
[Result "1-0"]
[WhiteElo "1807"]
[BlackElo "1587"]
[PlyCount "90"]
[EventDate "2009.08.21"]

1. e4 c5 2. Nf3 d6 3. d4 cxd4 4. Nxd4 Nf6 5. Nc3 Nc6 6. f3 e6 7. Be3 Be7 8. Qd2
O-O 9. g4 a6 10. O-O-O Nd7 11. Kb1 Nde5 12. Be2 Nxd4 13. Bxd4 Nc6 14. Be3 b5
15. g5 Qa5 16. Rdg1 b4 17. Nd1 b3 18. axb3 Qxd2 19. Bxd2 Nd4 20. Nc3 Nxe2 21.
Nxe2 a5 22. Nd4 Bd7 23. f4 Rfb8 24. f5 a4 25. bxa4 Rxa4 26. Bc3 e5 27. Nb3 Rxe4
28. f6 Bf8 29. Rd1 Be6 30. Nd2 Re2 31. h4 d5 32. Rde1 Rxe1+ 33. Rxe1 d4 34. Ba5
Bd6 35. Ne4 Rb5 36. Nxd6 Rxa5 37. Ne8 g6 38. Nc7 Ba2+ 39. Kc1 Bc4 40. Kd2 Rc5
41. Ne8 Be6 42. b4 Rc3 43. Rxe5 Bf5 44. Nd6 Rxc2+ 45. Kd1 h6 1-0

[Event "XXXVI C.to Italiano femminile"]
[Site "Bratto - Castione della Presolana ITA"]
[Date "2009.08.28"]
[Round "8"]
[White "Panella, Fiammetta"]
[Black "Matta, Francesca"]
[Result "1-0"]
[WhiteElo "1996"]
[BlackElo "1906"]
[PlyCount "107"]
[EventDate "2009.08.21"]

1. e4 c5 2. Nf3 e6 3. d4 cxd4 4. Nxd4 a6 5. Bd3 Nf6 6. O-O e5 7. Nf3 d6 8. h3
Be7 9. c4 O-O 10. Nc3 Nbd7 11. Be3 b6 12. Bc2 Qc7 13. Qe2 Bb7 14. Rac1 Rac8 15.
Nd2 Rfe8 16. a3 Nf8 17. Nd5 Nxd5 18. exd5 Qd8 19. Ba4 Nd7 20. Bxd7 Qxd7 21.
Bxb6 f5 22. b4 Bg5 23. f3 Bxd2 24. Qxd2 e4 25. Qf4 exf3 26. Qxf3 Re4 27. Qd3
Re5 28. Rc2 Rce8 29. Rcf2 g6 30. Bd4 Re1 31. Rxe1 Rxe1+ 32. Rf1 Rxf1+ 33. Kxf1
Qf7 34. Bc3 h6 35. Qd4 Qe7 36. Qh8+ Kf7 37. Qg7+ Ke8 38. Qxg6+ Kd7 39. Qxf5+
Ke8 40. Qg6+ Qf7+ 41. Qxf7+ Kxf7 42. Kf2 Kg6 43. Ke3 Kf5 44. Kd4 Kf6 45. c5 Ke7
46. c6 Bc8 47. Bd2 h5 48. Bg5+ Ke8 49. a4 Bf5 50. b5 axb5 51. axb5 Bc8 52. b6
Ba6 53. b7 Bxb7 54. cxb7 1-0

[Event "XXXVI C.to Italiano femminile"]
[Site "Bratto - Castione della Presolana ITA"]
[Date "2009.08.28"]
[Round "8"]
[White "Pili, Erika"]
[Black "Restifo, Katiuscia"]
[Result "1-0"]
[WhiteElo "1824"]
[BlackElo "1779"]
[PlyCount "111"]
[EventDate "2009.08.21"]

1. e4 c5 2. Nf3 d6 3. d4 cxd4 4. Nxd4 Nf6 5. Nc3 a6 6. Be2 e5 7. Nb3 Be7 8. Be3
Be6 9. Qd2 Nbd7 10. f3 Rc8 11. O-O Nb6 12. Qe1 Nc4 13. Bc1 b5 14. Bd3 O-O 15.
Kh1 Nb6 16. Nd2 Nh5 17. Ne2 Nc4 18. Bxc4 bxc4 19. Nb1 d5 20. exd5 Bxd5 21. Nec3
Qd6 22. Nxd5 Qxd5 23. Nc3 Qd6 24. Bd2 Rcd8 25. Rd1 Qb8 26. Bc1 Bd6 27. Qh4 Nf4
28. g3 Ng6 29. Qxc4 Rc8 30. Qxa6 Bc5 31. Ne4 Bb6 32. Qd3 Rfd8 33. Qb3 Qc7 34.
c3 Ne7 35. Bg5 Rxd1 36. Rxd1 h6 37. Bxe7 Ba7 38. Bd6 Qd7 39. Ba3 Qc6 40. Qd5
Qa6 41. Qd3 Qa4 42. Qd7 Rc6 43. Rd6 Qc2 44. Rxc6 Qc1+ 45. Kg2 Qg1+ 46. Kh3 Qf1+
47. Kh4 Qxf3 48. Qg4 g5+ 49. Nxg5 Qxg4+ 50. Kxg4 hxg5 51. Kxg5 Be3+ 52. Kf5 Bg1
53. h3 Bh2 54. Be7 Kh7 55. Bf6 Bxg3 56. Rc8 1-0

[Event "XXXVI C.to Italiano femminile"]
[Site "Bratto - Castione della Presolana ITA"]
[Date "2009.08.28"]
[Round "8"]
[White "Reginato, Sabrina"]
[Black "Arnetta, Maria Teresa"]
[Result "1-0"]
[WhiteElo "1880"]
[BlackElo "2031"]
[PlyCount "93"]
[EventDate "2009.08.21"]

1. d4 d5 2. Nf3 Nf6 3. e3 c6 4. Bd3 e6 5. Nbd2 Nbd7 6. O-O Be7 7. b3 O-O 8. Bb2
Re8 9. Ne5 Nxe5 10. dxe5 Nd7 11. c4 Nc5 12. Bc2 a5 13. f4 g6 14. Qg4 Bf8 15.
Rf3 Bg7 16. Rh3 b5 17. Bd4 Nd7 18. cxb5 c5 19. Bb2 a4 20. bxa4 Nb6 21. Nf3 h6
22. Nh4 g5 23. Nf3 Kf8 24. fxg5 hxg5 25. Nxg5 Ra7 26. Rh7 f5 27. exf6 Bxf6 28.
Bxf6 Qxf6 29. Rf1 Qxf1+ 30. Kxf1 Rxh7 31. Nxh7+ Ke7 32. Qg7+ Kd6 33. a5 Nc4 34.
Ke2 Nxa5 35. Qg3+ e5 36. Qg6+ Re6 37. Qg8 Bd7 38. Bf5 Bxb5+ 39. Ke1 Re8 40.
Qg6+ Kc7 41. Qf7+ Kb6 42. Qxd5 Bc6 43. Qd6 Nc4 44. Qd3 Bb5 45. Qb1 Na3 46. Qb3
Nc4 47. Bd7 1-0

[Event "XXXVI C.to Italiano femminile"]
[Site "Bratto - Castione della Presolana ITA"]
[Date "2009.08.29"]
[Round "9"]
[White "Brunello, Roberta"]
[Black "Arnetta, Maria Teresa"]
[Result "1-0"]
[WhiteElo "1956"]
[BlackElo "2031"]
[PlyCount "81"]
[EventDate "2009.08.21"]

1. e4 c5 2. c3 g6 3. d4 cxd4 4. cxd4 d5 5. exd5 Nf6 6. Nc3 Nxd5 7. Bc4 e6 8.
Nf3 Nc6 9. O-O Bg7 10. Nxd5 exd5 11. Re1+ Be6 12. Bb3 O-O 13. Ne5 Qh4 14. Nxc6
bxc6 15. Be3 c5 16. dxc5 Bxb2 17. Rb1 Be5 18. g3 Qh3 19. Bxd5 Bg4 20. Bf3 Be6
21. Qa4 Rad8 22. a3 Bd5 23. Bxd5 Rxd5 24. Red1 Rfd8 25. Rxd5 Rxd5 26. Rd1 Rxd1+
27. Qxd1 Qc8 28. Qd5 Bg7 29. c6 Bf8 30. Bxa7 Bxa3 31. Qd7 Qxd7 32. cxd7 Be7 33.
Bb6 Kg7 34. d8=Q Bxd8 35. Bxd8 f5 36. Kg2 Kf7 37. Kf3 h6 38. h4 Ke8 39. Ba5 h5
40. Kf4 Kf7 41. Kg5 1-0

[Event "XXXVI C.to Italiano femminile"]
[Site "Bratto - Castione della Presolana ITA"]
[Date "2009.08.29"]
[Round "9"]
[White "Casolino, Rosamaria"]
[Black "Chiarion, Elisa"]
[Result "1/2-1/2"]
[WhiteElo "1826"]
[BlackElo "1904"]
[PlyCount "143"]
[EventDate "2009.08.21"]

1. e4 c5 2. d4 cxd4 3. c3 dxc3 4. Nxc3 Nc6 5. Nf3 d6 6. Bc4 Nf6 7. e5 dxe5 8.
Qxd8+ Nxd8 9. Nxe5 a6 10. Be3 e6 11. Rd1 Be7 12. g4 O-O 13. O-O Nc6 14. Nxc6
bxc6 15. Be2 Rb8 16. Bc1 Nd5 17. Na4 e5 18. b3 a5 19. Bb2 f6 20. Bc4 Be6 21. h3
Kh8 22. Rc1 Rfc8 23. Ba6 Rc7 24. Nc5 Bxc5 25. Rxc5 Nf4 26. Kh2 a4 27. Bc1 axb3
28. axb3 Rxb3 29. Bxf4 exf4 30. Rfc1 Rb6 31. Bd3 g6 32. Be4 Bd7 33. Bf3 Kg7 34.
h4 Rc8 35. R1c4 h6 36. Rxf4 g5 37. Ra4 Rc7 38. hxg5 fxg5 39. Rac4 Rc8 40. Kg3
Rb5 41. Rc3 Rxc5 42. Rxc5 Kf6 43. Be2 Ke7 44. Rc1 Rf8 45. Rc4 Kd6 46. Rd4+ Kc7
47. f4 Rf6 48. Ra4 Kb7 49. Rb4+ Ka7 50. Ra4+ Kb6 51. Ra6+ Kc5 52. fxg5 hxg5 53.
Ra5+ Kd4 54. Rxg5 Be6 55. Ra5 Rf8 56. g5 c5 57. Ra6 Bg8 58. Kg4 Ke3 59. Bb5 Rb8
60. Ra3+ Kd2 61. Bd7 c4 62. Ra2+ Kc3 63. g6 Kb3 64. Re2 c3 65. Bf5 Rd8 66. Be6+
Bxe6+ 67. Rxe6 c2 68. Rb6+ Ka4 69. Rc6 Kb3 70. Rxc2 Kxc2 71. Kf5 Rd3 72. g7
1/2-1/2

[Event "XXXVI C.to Italiano femminile"]
[Site "Bratto - Castione della Presolana ITA"]
[Date "2009.08.29"]
[Round "9"]
[White "Messina, Roberta"]
[Black "De Rosa, Mariagrazia"]
[Result "1-0"]
[WhiteElo "1900"]
[BlackElo "2124"]
[PlyCount "99"]
[EventDate "2009.08.21"]

1. e4 g6 2. d4 Bg7 3. f4 c6 4. Nc3 d5 5. e5 Nh6 6. Be2 O-O 7. Be3 f6 8. Nf3 Bg4
9. Qd2 Nf5 10. Bf2 Qb6 11. h3 Bxf3 12. Bxf3 fxe5 13. dxe5 d4 14. Ne2 Qxb2 15.
O-O Qb6 16. Nxd4 Qc7 17. Ne6 Qd7 18. Qxd7 Nxd7 19. Nxf8 Nxf8 20. Rab1 b6 21.
Bxc6 Rc8 22. Be4 h5 23. Rfd1 Kh7 24. g3 Rc4 25. Bd3 Ra4 26. Kg2 Ne6 27. Bxf5
gxf5 28. Rd7 Bf8 29. Rb3 Rxa2 30. Rc3 Kg6 31. Kf3 Ra4 32. Be3 Kf7 33. Rc8 Ra3
34. Rd3 Ra4 35. Rcc3 Re4 36. Ra3 Nc5 37. Bxc5 bxc5 38. Rxa7 Rc4 39. c3 h4 40.
g4 fxg4+ 41. hxg4 Bh6 42. g5 Bg7 43. Ra6 h3 44. g6+ Kg8 45. Ra8+ Bf8 46. Kg4 h2
47. Rh3 Rxc3 48. Rxh2 e6 49. Kg5 Rf3 50. Rh4 1-0

[Event "XXXVI C.to Italiano femminile"]
[Site "Bratto - Castione della Presolana ITA"]
[Date "2009.08.29"]
[Round "9"]
[White "Panella, Fiammetta"]
[Black "Pili, Erika"]
[Result "1-0"]
[WhiteElo "1996"]
[BlackElo "1824"]
[PlyCount "47"]
[EventDate "2009.08.21"]

1. e4 e6 2. d4 d5 3. Nc3 Nf6 4. Bg5 Be7 5. e5 Nfd7 6. h4 Bxg5 7. hxg5 Qxg5 8.
Nh3 Qe7 9. Nf4 Nb6 10. Qd3 g6 11. O-O-O Nc4 12. Nfxd5 exd5 13. Nxd5 Nxb2 14.
Kxb2 Qd8 15. Nf6+ Kf8 16. Rxh7 Rxh7 17. Nxh7+ Kg7 18. Nf6 Bf5 19. Qe3 Nd7 20.
g4 Be6 21. g5 c6 22. Bh3 Bxh3 23. Qxh3 Nxe5 24. Qh6# 1-0

[Event "XXXVI C.to Italiano femminile"]
[Site "Bratto - Castione della Presolana ITA"]
[Date "2009.08.29"]
[Round "9"]
[White "Polin, Giulia"]
[Black "Palmitessa, Chiara"]
[Result "0-1"]
[WhiteElo "1711"]
[BlackElo "1807"]
[PlyCount "74"]
[EventDate "2009.08.21"]

1. e4 e5 2. Nf3 Nc6 3. Bb5 a6 4. Ba4 Nf6 5. O-O b5 6. Bb3 Bc5 7. Re1 d6 8. c3
Bb6 9. h3 O-O 10. d4 Bb7 11. Bg5 h6 12. Bh4 Qe7 13. Bc2 Kh8 14. d5 Nb8 15. Nbd2
g5 16. Bg3 Nh5 17. Bh2 Nf4 18. Nf1 Rg8 19. Ng3 Nd7 20. Nf5 Qf6 21. Rf1 Rae8 22.
Kh1 Bc8 23. Ne3 Qg6 24. Rg1 Nf6 25. Nd2 g4 26. hxg4 Bxe3 27. fxe3 Nxg4 28. Qxg4
Qxg4 29. exf4 exf4 30. Raf1 Qe2 31. Bxf4 Rg4 32. g3 Rxf4 33. gxf4 Qxd2 34. Rg2
Qe3 35. Rfg1 Qh3+ 36. Rh2 Qf3+ 37. Rhg2 Bh3 0-1

[Event "XXXVI C.to Italiano femminile"]
[Site "Bratto - Castione della Presolana ITA"]
[Date "2009.08.29"]
[Round "9"]
[White "Reginato, Sabrina"]
[Black "Brunello, Marina"]
[Result "1-0"]
[WhiteElo "1880"]
[BlackElo "2159"]
[PlyCount "67"]
[EventDate "2009.08.21"]

1. d4 d5 2. Nf3 Nf6 3. e3 e6 4. Bd3 c5 5. c3 Nc6 6. Nbd2 Be7 7. O-O O-O 8. Qe2
b6 9. dxc5 bxc5 10. e4 dxe4 11. Nxe4 Bb7 12. Be3 Nxe4 13. Bxe4 Qc7 14. Qc2 f5
15. Bd3 Ne5 16. Nxe5 Qxe5 17. Rfe1 Qd5 18. f3 c4 19. Bf1 Qc6 20. Qe2 Bh4 21.
Red1 Rac8 22. Rd4 Bf6 23. Rxc4 Qd7 24. Rd1 Qf7 25. Qf2 Bd5 26. Ra4 Rc7 27. Rxa7
Rxa7 28. Bxa7 Ra8 29. c4 Bxf3 30. gxf3 Rxa7 31. b3 Ra8 32. c5 Be5 33. b4 Ra4
34. Rd8+ 1-0